Places To Study

There are group study rooms, individual study carrels, computer labs, and other spaces to study in the Libraries.

Reserve A Group Room

Online Resources

Access thousands of eBooks, audiobooks, and online journals from the comfort of your home.

Explore Resources

Events and Workshops

Join our upcoming events and workshops to enhance your skills and knowledge.

View Events

The earliest religious buildings discovered at the ancient city of Wadee, Myanmar / (Record no. 2751)

MARC details
000 -LEADER
fixed length control field 00709nam a22002057a 4500
003 - CONTROL NUMBER IDENTIFIER
control field OSt
005 - DATE AND TIME OF LATEST TRANSACTION
control field 20251218133736.0
008 - FIXED-LENGTH DATA ELEMENTS--GENERAL INFORMATION
fixed length control field 251218b |||||||| |||| 00| 0 eng d
040 ## - CATALOGING SOURCE
Transcribing agency DCL
041 ## - LANGUAGE CODE
Language code of text/sound track or separate title English
082 ## - DEWEY DECIMAL CLASSIFICATION NUMBER
Classification number 930.1
100 0# - MAIN ENTRY--PERSONAL NAME
Personal name Myo (Arimaddana),
Titles and words associated with a name Ko
245 14 - TITLE STATEMENT
Title The earliest religious buildings discovered at the ancient city of Wadee, Myanmar /
Statement of responsibility, etc. Ko Myo (Arimaddana).
260 ## - PUBLICATION, DISTRIBUTION, ETC.
Place of publication, distribution, etc. Yangon :
Name of publisher, distributor, etc. Tun Foundation Bank Literary Committee,
Date of publication, distribution, etc. 2017.
300 ## - PHYSICAL DESCRIPTION
Extent xii, 109 pages :
Other physical details Plates ;
Dimensions 25 cm.
650 ## - SUBJECT ADDED ENTRY--TOPICAL TERM
Topical term or geographic name entry element Excavations (Archaeology)
Geographic subdivision Myanmar
650 ## - SUBJECT ADDED ENTRY--TOPICAL TERM
Topical term or geographic name entry element Pottery
Geographic subdivision Myanmar
-- Wadee (Extinct city).
651 ## - SUBJECT ADDED ENTRY--GEOGRAPHIC NAME
Geographic name Wadee (Extinct city)
Form subdivision Religion
942 ## - ADDED ENTRY ELEMENTS (KOHA)
Source of classification or shelving scheme Dewey Decimal Classification
Koha item type Short Term
Suppress in OPAC No
Holdings
Withdrawn status Lost status Source of classification or shelving scheme Damaged status Not for loan Collection Accession No. Home library Current library Shelving location Date acquired Total checkouts Full call number Barcode Date last seen Price effective from Koha item type
    Dewey Decimal Classification     English Collection 1998 Dhammadhara Dhammadhara English Shelves 18/12/2025   930.1 My1998 EB00001998 18/12/2025 18/12/2025 Short Term